[Event "POL-chT Ekstraliga 2018"]
[Site "Gorzow"]
[Date "2018.06.08"]
[Round "1"]
[White "Matuszewski, Michal"]
[Black "Brodowski, Piotr"]
[Result "1-0"]
[WhiteElo "2505"]
[BlackElo "2437"]
[Annotator "TA"]
[PlyCount "47"]
[EventDate "2018.06.08"]
[EventType "team-tourn"]
[EventCountry "POL"]
[SourceTitle "playchess.com"]
[Source "ChessBase"]
[SourceQuality "1"]

{[%evp 10,47,32,21,39,27,37,33,63,54,33,27,97,91,105,104,106,105,104,98,121,123,309,293,313,307,689,675,883,573,573,573,565,564,506,543,2867,2811,29996,29997]} 1. d4 Nf6 2. Bg5 c5 3. dxc5 Na6 (3... e6 4. Nd2 Bxc5 5. e3 Be7 6. Ngf3 Nc6 7. Bd3 b6 8. c3 Bb7 9. a4 O-O 10. Qe2 Qc7 11. Bxf6 Bxf6 12. h4 Ne5 13. Nxe5 Qxe5 14. Nf3 Bxf3 15. Qxf3 Rac8 {½-½ (15) Miladinovic,I (2535)-Markus,R (2650) Ruma 2017}) 4. Bxf6 gxf6 5. e4 Nxc5 6. Nc3 {LiveBook: 5 Games. A45: Trompowsky Attack} Bg7 7. Nge2 $146 {[%cal Bg1e2,Be2g3,Bg3h5][%mdl 32]} ({Predecessor:} 7. Bc4 d6 8. Qh5 O-O 9. Nge2 Bd7 10. Ng3 Rc8 11. Be2 {½-½ (48) Huch,R (2161)-Wirius,J (2240) Austria 2000}) 7... d6 8. Ng3 {White is slightly better.} f5 9. exf5 {[%cal Be4f5,Bf5f6,Bf6e7][%mdl 32]} h5 10. Be2 Qa5 (10... h4 $11 11. Nh5 Be5) 11. O-O $16 h4 {[#]} 12. Nh5 $1 {[%cal Rh5g7]} Bxc3 13. bxc3 Qxc3 {[#]} 14. f6 $1 {[%mdl 512] Threatens to win with Bb5+.} Be6 (14... exf6 15. Qxd6) 15. Bb5+ Bd7 $2 {[#]} (15... Kf8 $16 {was necessary.}) 16. Re1 $1 $18 Bxb5 17. Qxd6 $1 {[%csl Ge1,Gf6][%cal Rd6e7]} O-O $2 (17... Kf8 18. fxe7+ Kg8) 18. fxe7 Rfe8 {aiming for ...Ne4!} 19. Rab1 Ne6 20. Rxe6 fxe6 21. Qxe6+ Kh7 22. Qf7+ ({Less strong is} 22. Nf6+ Kh8 $18) 22... Kh6 {...Bc4 is the strong threat.} 23. Nf6 {Ng4+ would kill now.} ({Weaker is} 23. Nf4 Qxc2 24. Qf6+ Kh7 $18) 23... Qxc2 24. Ng4+ {Precision: White = 100%, Black = 22%.} 1-0

[Event "POL-chT Ekstraliga 2018"]
[Site "Gorzow"]
[Date "2018.06.08"]
[Round "1"]
[White "Jarmula, Lukasz"]
[Black "Murdzia, Piotr"]
[Result "1-0"]
[WhiteElo "2499"]
[BlackElo "2414"]
[Annotator "TA"]
[PlyCount "83"]
[EventDate "2018.06.08"]
[EventType "team-tourn"]
[EventCountry "POL"]
[SourceTitle "playchess.com"]
[Source "ChessBase"]
[SourceQuality "1"]

{[%evp 30,83,37,23,51,45,44,46,78,68,79,82,68,81,72,61,77,68,84,91,100,75,81,80,81,81,91,81,81,77,73,60,134,129,187,179,174,158,150,154,256,188,187,208,264,291,600,269,269,148,29951,29954,12837,12833,6299,6179]} 1. e4 e5 2. Nf3 Nc6 3. Bb5 a6 4. Ba4 Nf6 5. O-O Be7 6. Re1 b5 7. Bb3 d6 8. c3 O-O 9. d4 Bg4 10. Be3 exd4 11. cxd4 Na5 12. Bc2 Nc4 13. Bc1 c5 14. b3 Nb6 15. Nbd2 cxd4 {C91: Closed Ruy Lopez: 7...d6 8 c3 0-0 9 d4} (15... Nfd7 16. Bb2 Re8 17. Qb1 Bh5 18. a4 bxa4 19. bxa4 Rb8 20. Qa2 Bg6 21. Bd3 Nxa4 22. Qxa4 Rxb2 23. Bxa6 cxd4 24. Qxd4 {0-1 (62) Smeets,J (2608)-Sokolov,I (2589) Amstelveen 2017}) 16. Bb2 {LiveBook: 24 Games} d3 17. Bxd3 Nfd7 {White is slightly better.} 18. h3 Bxf3 19. Nxf3 Bf6 20. Qd2 $146 ({Predecessor:} 20. Nd4 Rc8 21. Rc1 Nc5 22. Bb1 Be5 23. Ba3 {1-0 (76) Munguntuul,B (2261)-Wang,Y (2391) Novokuznetsk 2008}) 20... Bxb2 21. Qxb2 Ne5 22. Be2 Qf6 23. Qd2 Ng6 24. Rac1 d5 25. e5 Nxe5 26. Nxe5 Qxe5 {[#]} 27. Bxb5 $1 {[%mdl 512]} Qd6 (27... axb5 28. Rxe5) 28. Rc6 Qd7 29. Rxb6 axb5 30. Qb4 Rfe8 (30... g6 $14) 31. Rxe8+ $16 Rxe8 (31... Qxe8 $16 32. Rxb5 Rd8) 32. Qxb5 {[%mdl 4096] Endgame KQR-KQR} ({Much less strong is} 32. Rxb5 $6 g6 $16) 32... Re1+ 33. Kh2 Qc7+ 34. g3 {Threatening mate with Rb8+.} g6 (34... h5 $16 35. Kg2 Ra1) 35. Rb8+ $40 {[%mdl 128] White has strong attack.} Kg7 {Hoping for ...Qc2.} 36. Qb4 Re2 37. Kg2 Rxa2 $2 (37... Qe7 38. Qxe7 Rxe7) 38. Qf8+ (38. Re8 $142) 38... Kf6 $18 {[#]} 39. Re8 (39. Qh8+ $1 $18 Kg5 40. h4+ Kf5 41. Re8 (41. Rb4 Ke6 $16)) 39... Qa7 $2 {[%mdl 8192]} (39... Qb6 $16 40. Qh8+ Kg5 41. Qe5+ Kh6 42. Qf4+ Kg7) 40. Qh8+ Kg5 41. Re5+ f5 42. Qd8+ {Precision: White = 70%, Black = 35%.} 1-0

[Event "POL-chT Ekstraliga 2018"]
[Site "Gorzow"]
[Date "2018.06.08"]
[Round "1"]
[White "Nasuta, Grzegorz"]
[Black "Moranda, Wojciech"]
[Result "1/2-1/2"]
[WhiteElo "2490"]
[BlackElo "2601"]
[Annotator "TA"]
[PlyCount "64"]
[EventDate "2018.06.08"]
[EventType "team-tourn"]
[EventCountry "POL"]
[SourceTitle "playchess.com"]
[Source "ChessBase"]
[SourceQuality "1"]

{[%evp 19,64,0,40,16,-4,-7,13,13,13,10,16,19,20,8,20,14,25,16,47,30,27,0,56,31,29,12,28,32,76,55,64,56,88,88,89,98,93,89,106,47,43,54,37,42,32,0,2]} 1. e4 c5 2. Nc3 a6 3. g3 b5 4. Bg2 Bb7 5. d3 e6 6. Nh3 b4 {B23: Closed Sicilian: Lines without g3} 7. Nb1 (7. Ne2 d5 8. e5 Nc6 9. f4 Nh6 10. Nf2 Nf5 11. O-O Qb6 12. c3 Be7 13. g4 Nh4 14. Bh1 {0-1 (35) Yu,Y (2738)-Khismatullin,D (2639) Moscow 2017}) 7... d5 8. O-O Nf6 9. Nd2 Be7 10. Nf4 Nc6 {LiveBook: 3 Games} 11. Re1 dxe4 $146 ({Predecessor:} 11... O-O 12. exd5 exd5 13. Nf1 Bd6 14. Nxd5 Nxd5 15. Bxd5 {1-0 (54) Simacek,P (2469)-Mickiewicz,P (2344) Novy Bor 2011}) 12. dxe4 Ne5 13. b3 O-O 14. Bb2 Nfd7 15. Nd3 Bf6 16. Nxe5 Bxe5 17. Qc1 Bd4 18. Nc4 e5 19. Bxd4 cxd4 20. Bh3 Nf6 (20... Nc5 $11) 21. Nxe5 Re8 22. Nd3 {Threatening f3.} Nxe4 23. Bg2 Qf6 24. Qf4 Qxf4 25. Nxf4 a5 26. a3 bxa3 27. Rxa3 f5 28. Ra4 Rac8 29. Rxd4 (29. Rc1 $16) 29... Rxc2 $14 30. f3 Nf6 31. Rxe8+ Nxe8 32. Rd8 (32. Bf1 $5 {[%cal Rf1c4]} Rc1 33. Kf2 Rc2+ 34. Ke3 $16) 32... Rc8 {Precision: White = 59%, Black = 46%.} 1/2-1/2

[Event "POL-chT Ekstraliga 2018"]
[Site "Gorzow"]
[Date "2018.06.08"]
[Round "1"]
[White "Kriebel, Tadeas"]
[Black "Socko, Bartosz"]
[Result "*"]
[WhiteElo "2487"]
[BlackElo "2588"]
[Annotator "TA"]
[PlyCount "94"]
[EventDate "2018.06.08"]
[EventType "team-tourn"]
[EventCountry "POL"]
[SourceTitle "playchess.com"]
[Source "ChessBase"]
[SourceQuality "1"]

{[%evp 18,94,37,36,46,45,62,43,47,35,21,0,16,0,19,4,189,191,201,22,16,24,45,29,21,0,0,0,0,0,0,0,122,100,165,-5,-4,-4,-10,-14,0,0,0,-3,-4,0,0,-27,-22,-59,-58,-54,-64,-71,-73,-75,0,-89,-82,-93,-79,-106,-104,-107,-103,-102,-107,-102,-90,-103,-100,-179,-161,-168,-172,-216,-214,-230,-252]} 1. e4 e6 2. d4 d5 3. exd5 exd5 4. Nf3 Bd6 5. Bd3 Nc6 6. c3 Nge7 7. Qc2 Bg4 8. Nbd2 Qd7 9. O-O O-O-O {C01: French: Exchange Variation} (9... Bf5 10. Bxf5 Qxf5 11. Qb3 O-O-O 12. Re1 g5 13. Nf1 g4 14. Nh4 Qh5 15. g3 Ng6 16. Ng2 Kb8 17. a4 Nce7 18. a5 a6 19. Qc2 f5 20. b3 Nc6 21. Nfe3 Nce7 22. Nf1 Nc6 23. Nfe3 Nce7 {½-½ (23) Neelotpal,D (2467)-Sabuk,P (2363) Pardubice 2016}) 10. b4 {[%cal Bb2b4,Bb4b5][%mdl 32] LiveBook: 6 Games} Rde8 11. b5 Nd8 {[%cal Bc6d8,Bd8e6,Be6f4,Bf4g2,Bg2e3][%mdl 32] White is slightly better.} 12. a4 Ne6 $146 ({Predecessor:} 12... f6 13. a5 g5 14. Ba3 h5 15. c4 dxc4 16. Nxc4 Bxa3 17. Rxa3 {1-0 (36) Repkova,E (2250)-Kohout,V Trencin 1995}) 13. c4 dxc4 14. Bxc4 Nf4 15. b6 axb6 16. a5 {Threatens to win with axb6.} Bxf3 $2 (16... b5 $1 $11 17. Bxf7 Ref8) 17. Nxf3 $18 Nxg2 {[#] Strongly threatening ...Qg4.} 18. axb6 $2 (18. Ne5 $1 $18 Bxe5 19. dxe5) 18... Qg4 $1 $11 {( -> ...Nh4+)} 19. Ne5 {[%cal Ra1a8]} Ne3+ 20. Nxg4 Nxc2 21. Ra8+ Kd7 22. Rxe8 Rxe8 23. Ne5+ Bxe5 24. dxe5 Nf5 {[#]} (24... c5 $11) 25. Rd1+ $1 $16 (25. Bxf7 Rxe5 26. bxc7 Ncd4 $11) 25... Kc8 (25... Ncd4 $16) 26. bxc7 $2 (26. Bxf7 $18 Rxe5 27. Bf4) 26... Ncd4 $11 27. Bxf7 Rxe5 28. Bb2 Re4 29. Bd5 Rg4+ 30. Kf1 $132 {[%mdl 2048] Rc1 is the strong threat. White puts up resistance} Kxc7 31. Rc1+ Kb8 32. Re1 Rh4 33. Re8+ Kc7 34. Rf8 b5 35. Bg2 g6 36. Bc3 Ne6 (36... Nd6 $17) 37. Rf7+ (37. Be5+ $11 {keeps the balance.} Kd7 38. Rf7+ Ke8 39. Rb7) 37... Kd6 $17 38. Rb7 Kc5 ({Much worse is} 38... Rxh2 $6 39. Rxb5 Rh4 40. Be5+ (40. Bf6 Rc4 $11) 40... Ke7 41. Rb7+ Kf8 42. Rb5 $11) 39. h3 Nf4 40. Rc7+ Kd6 41. Rc6+ Kd7 42. Rb6 Nxg2 ({But not} 42... Nxh3 $6 43. Bf6 $11 (43. Rxb5 Nf4 $11)) 43. Kxg2 Rh5 44. Kh2 (44. Bb4 $17 {was worth a try.}) 44... Nd6 $19 {Black is clearly better.} 45. Bb4 Nc4 46. Ra6 Ne5 47. Ra7+ Kc6 {Precision: White = 38%, Black = 66%.} *

[Event "POL-chT Ekstraliga 2018"]
[Site "Gorzow"]
[Date "2018.06.08"]
[Round "1"]
[White "Wieczorek, Oskar"]
[Black "Warakomski, Tomasz"]
[Result "1/2-1/2"]
[WhiteElo "2469"]
[BlackElo "2505"]
[Annotator "TA"]
[PlyCount "136"]
[EventDate "2018.06.08"]
[EventType "team-tourn"]
[EventCountry "POL"]
[SourceTitle "playchess.com"]
[Source "ChessBase"]
[SourceQuality "1"]

{[%evp 42,136,35,38,32,5,21,9,45,17,30,17,18,19,43,30,23,39,28,29,33,25,45,8,25,21,41,1,0,0,-2,0,-23,-16,16,0,8,4,34,0,0,-104,-75,-294,-269,-278,-104,-85,-82,-103,-109,-100,-68,-68,-68,-68,-70,-70,-30,-66,-72,-72,-66,-65,-65,-62,-63,-66,-66,-95,-95,-95,-89,-89,-64,-64,-64,-152,-152,-152,-152,-152,-8,-8,-8,-39,-39,-39,-39,-39,-8,-39,-39,-39,-39,-39,-39]} 1. e4 e5 2. Nf3 Nc6 3. Bb5 a6 4. Ba4 Nf6 5. O-O Be7 6. Re1 b5 7. Bb3 d6 8. c3 O-O 9. h3 Nb8 10. d4 Nbd7 11. Nbd2 Bb7 12. Bc2 Re8 13. Nf1 Bf8 14. Ng3 g6 15. a4 c5 16. d5 c4 17. Bg5 Nc5 {C95: Closed Ruy Lopez: Breyer Variation with 10 d4} 18. Qd2 Be7 19. Bh6 Nfd7 20. Nh2 {[%cal Bf3h2,Bh2g4,Bg4h6][%mdl 32]} Nxa4 21. Bxa4 bxa4 22. Rxa4 {LiveBook: 13 Games} a5 23. Be3 Ba6 $1 24. Ng4 {[#]} Kh8 $146 ({Predecessor:} 24... Bb5 25. Raa1 {1-0 (46) Azarov,S (2594)-Zhigalko,S (2662) Minsk 2017}) 25. Rf1 Bh4 26. Nh6 Rf8 27. Ne2 Bb5 28. Raa1 Nf6 29. f3 {And now g3 would win.} Ng8 30. Nxg8 Kxg8 31. Bh6 Qb6+ 32. Kh1 Rfb8 33. f4 Be8 34. fxe5 dxe5 35. Rab1 Be7 36. Ng1 Rb7 37. Nf3 f6 38. Qe2 Rab8 39. Nh2 a4 {[%cal Ba5a4,Ba4a3][%mdl 32]} 40. Ng4 Qd6 $1 $36 {[%mdl 2048] Threatening ...a3. Black has good play.} 41. Ne3 (41. Qf2 $11 {remains equal.}) 41... a3 $1 $17 42. Nxc4 $2 (42. Qf3 $17) 42... Qa6 $1 $19 43. d6 {[#]} Rxb2 $1 {[%mdl 512]} 44. Rxb2 $17 axb2 (44... Rxb2 45. Qd3 $18) 45. Rb1 Bxd6 46. Qd1 Ba3 47. Nxa3 Qxa3 48. Qf1 Qd6 {Hoping for ...g5.} 49. Qf2 g5 50. Rxb2 Rxb2 51. Qxb2 Kf7 $1 {[%cal Rf7g6] Threatens to win with ...Kg6.} 52. Qb3+ Qe6 $1 {[%cal Re6b3]} 53. Qxe6+ Kxe6 $15 {[%mdl 4096] Endgame KB-KB} 54. g4 Bc6 55. Kg2 Bxe4+ 56. Kg3 Bd3 57. h4 gxh4+ 58. Kxh4 Be2 59. Bg7 {[#]} (59. Bf8 $15) 59... Kf7 $1 $17 {[%cal Rf7g7]} 60. Bh6 {[#]} Kg6 $1 {[%cal Rg6h6]} 61. Be3 f5 ({Black should play} 61... h5 $17 62. gxh5+ Bxh5) 62. gxf5+ $11 Kxf5 63. Bh6 Bc4 64. Kg3 Ke4 65. Bg7 $1 Bf7 66. Bf6 Kf5 {Black is slightly better.} 67. Bg7 Bd5 68. Bh8 Be6 {Precision: White = 56%, Black = 51%.} 1/2-1/2

[Event "POL-chT Ekstraliga 2018"]
[Site "Gorzow"]
[Date "2018.06.08"]
[Round "1"]
[White "Kuzmicz, Krystian"]
[Black "Klekowski, Maciej"]
[Result "0-1"]
[WhiteElo "2460"]
[BlackElo "2509"]
[Annotator "TA"]
[PlyCount "76"]
[EventDate "2018.06.08"]
[EventType "team-tourn"]
[EventCountry "POL"]
[SourceTitle "playchess.com"]
[Source "ChessBase"]
[SourceQuality "1"]

{[%evp 13,76,-39,-37,-36,-45,-40,-36,-53,-20,-16,-16,-27,-29,-17,-21,-25,-25,-20,0,-6,0,-58,5,-46,-39,-46,-32,-94,0,0,34,0,0,0,135,122,185,54,39,30,15,40,33,33,76,-95,-104,-189,-160,-240,-241,-1135,-1452,-2166,-1637,-5887,-4568,-1496,-1402,-12841,-12842,-12842,-12843,-29997,-29998]} 1. b3 c5 2. Bb2 Nc6 3. e3 Nf6 4. Nf3 g6 5. c4 Bg7 6. Be2 O-O 7. Nc3 e5 8. O-O {A30: Symmetrical English: Double Fianchetto and Hedgehog} d5 (8... e4 9. Ne1 d5 10. cxd5 Nxd5 11. Rc1 Bf5 12. f3 Nxc3 13. Bxc3 Bxc3 14. Rxc3 Qe7 15. g4 exf3 16. Bxf3 {1-0 (62) Neverov,V (2505)-Zhigalko,A (2615) St Petersburg 2013}) 9. cxd5 Nxd5 10. Rc1 {Black is slightly better.} Nde7 $146 ({Predecessor:} 10... b6 11. d3 {½-½ (11) Sriram,J (2390)-Jahncke,G (2270) Lueneburg 2014}) 11. Qc2 Bf5 12. Ne4 Rc8 13. d3 b6 14. Qb1 Nd5 15. Rfd1 Qe7 16. Ng3 {With the idea e4.} Bd7 17. Qa1 (17. d4 $11) 17... h6 (17... f5 $15 18. d4 cxd4) 18. Re1 (18. d4 $11) 18... f5 $15 19. Bf1 Rce8 20. e4 (20. d4 $15) 20... Nf4 (20... fxe4 $1 $17 21. Nxe4 (21. dxe4 Nf4 $17) 21... Bg4) 21. exf5 $11 gxf5 {[#]} 22. d4 $1 {[%mdl 512]} cxd4 {[#]} 23. Nxd4 $1 {[%mdl 512]} Nb4 (23... Nxd4 $11 {remains equal.} 24. Bxd4 h5) 24. Rcd1 $1 $16 e4 (24... Nh3+ $16 25. gxh3 f4) 25. Bc4+ (25. Qc1 $18 Be5 26. Nf3 $1 {[%mdl 512]} Bxb2 27. Qxf4) 25... Kh7 $1 $14 26. a3 Bxd4 27. axb4 Bxb2 28. Qxb2 {Hoping for Qd2.} b5 {[#]} 29. Qd2 $2 (29. Bf1 $1 $16 {Qd2 is the strong threat.} Rf7 30. Qc1) 29... bxc4 $17 30. Qxd7 (30. Qxf4 $17 cxb3 31. Rd6) 30... cxb3 $19 {[%cal Bc4b3,Bb3b2][%mdl 32] aiming for ...b2.} 31. Qa4 {[#]} (31. Nxf5 $17 {was worth a try.} Qxd7 32. Rxd7+ Kg6 33. Ne7+ Kf6 34. Nc6) 31... Nd3 $1 32. Rxd3 $2 (32. Qxb3 Nxe1 33. Rxe1) 32... exd3 33. Rxe7+ Rxe7 34. Nf1 b2 35. Qd1 {[#]} d2 $1 {[%mdl 512]} 36. Nxd2 (36. Qxd2 b1=Q) 36... Rc8 37. Nf1 Rc1 38. Qd8 {[#]} Rxf1+ $1 {[%mdl 512] Precision: White = 37%, Black = 53%.} 0-1

[Event "POL-chT Ekstraliga 2018"]
[Site "Gorzow"]
[Date "2018.06.08"]
[Round "1"]
[White "Butkiewicz, Lukasz"]
[Black "Tomczak, Mikolaj"]
[Result "1/2-1/2"]
[WhiteElo "2449"]
[BlackElo "2418"]
[Annotator "TA"]
[PlyCount "116"]
[EventDate "2018.06.08"]
[EventType "team-tourn"]
[EventCountry "POL"]
[SourceTitle "playchess.com"]
[Source "ChessBase"]
[SourceQuality "1"]

{[%evp 17,116,22,30,0,43,22,29,23,45,26,30,12,17,19,40,37,52,0,0,0,0,0,43,18,21,13,21,0,0,-37,-16,-21,0,0,0,0,0,0,0,0,34,17,41,40,275,279,260,241,266,236,228,229,462,361,738,621,737,732,1258,322,29995,162,163,163,157,162,147,154,146,138,247,200,200,199,190,124,233,226,326,130,194,121,253,209,237,221,249,77,91,104,135,104,79,89,83,76,88,93,77,60,130]} 1. d4 d5 2. c4 e6 3. Nc3 Bb4 4. Nf3 Nf6 5. Qa4+ Nc6 6. Bg5 h6 7. Bxf6 Qxf6 8. e3 O-O {D38: Damengambit (Ragosin-Verteidigung)} 9. Rc1 Rd8 {LiveBook: 18 Partien} 10. a3 Bf8 $146 {Die Stellung ist ausgeglichen.} (10... Bxc3+ $5 11. Rxc3 dxc4 $11) ({Vorgänger:} 10... Bxc3+ 11. Rxc3 e5 12. cxd5 exd4 13. Rc5 Bg4 14. Nxd4 Nxd4 15. Qxd4 Qxd4 16. exd4 {½-½ (30) Ding,L (2759)-Harikrishna,P (2758) Shenzhen 2017}) 11. Be2 Ne7 12. O-O c6 13. Qc2 b6 14. e4 dxe4 15. Nxe4 Qf4 16. c5 bxc5 17. dxc5 (17. g3 $14 Qc7 18. Nxc5 (18. Qxc5 Rb8 $11) (18. dxc5 Nd5 $11)) 17... Nd5 $11 18. g3 Qc7 19. Nfd2 g6 20. Rfd1 a5 21. Nc4 Bg7 22. Bd3 Rb8 23. Ned6 Ba6 24. b3 Qa7 (24... Bxc4 {feels hotter.} 25. Bxc4 Be5 26. Ne4 Kh7 27. Re1 Kg7) 25. Bxg6 fxg6 26. Qxg6 Bxc4 27. Qxe6+ Kh7 28. bxc4 Nf6 29. Qf5+ $1 {[%mdl 1024] Weiss hat Kompensation.} Kg8 30. Qg6 h5 $2 (30... Rf8 $14) 31. Re1 $1 $18 Rd7 32. Re5 Re7 33. Rg5 {Droht Dxf6 und aus.} Rf8 34. Nf5 Rd7 $2 (34... Kh8 35. Nxe7 Qxe7) 35. Re1 a4 $2 (35... h4 36. Kg2 (36. gxh4 Kh8 $16) 36... Kh8 37. Nxh4 (37. gxh4 a4 $16) 37... Rdf7) 36. Kg2 Qc7 37. Re6 Kh8 {[#]} 38. Rd6 $2 (38. Rxf6 $1 {[%mdl 512]} Rxf6 39. Qxh5+ Kg8 40. Qe8+ (40. Nxg7 Rxg7 41. Re5 Rf8 $17) 40... Kh7 41. Rh5+ Bh6 42. Qe3 (42. Nxh6 Rxh6 43. Qe4+ Kg7 $11)) 38... Rdf7 $2 {[#]} (38... h4 $18 39. Rxd7 (39. gxh4 Nh7 $16) 39... Qxd7 40. Qxg7+ Qxg7 41. Rxg7 Ne4) 39. h3 $2 (39. Rxf6 $1 {[%mdl 512] setzt Matt} Kg8 (39... Rxf6 40. Rxh5+) 40. Rxh5 $1 {[%mdl 512]} Rxf6 41. Nh6+ Kh8 42. Nf7+ Kg8 43. Rh8#) 39... Nh7 40. Rxh5 {[%csl Gh5][%cal Rg6h7]} (40. Qxh5 Bf6 $11) 40... Be5 {[#]} 41. Re6 $1 {[%cal Re6e8]} ({Und nicht} 41. Rxc6 Qb7 $11) 41... Rf6 42. Rxf6 $40 {[%mdl 128] Weiss greift entschieden an.} Bxf6 43. Nd6 Qg7 (43... Bd4 $16 {war angesagt.}) 44. Qe4 Qd7 45. Rh6 Qg7 46. Rg6 (46. Nf5 $18 Qd7 47. g4) 46... Qd7 {[#]} (46... Qe7 $16 47. h4 (47. Qxc6 Bd4 $14) 47... Qd7) 47. h4 $1 Qe7 (47... Bc3 $142 48. Qd3 Bg7) 48. Qd3 $2 (48. Qxc6 $18 {ist der präzise Gewinnweg. Dd5 ist eine echte Drohung.} Bd4 49. Qd5 Bxf2 50. c6) 48... Qd7 (48... Bb2 $16 49. Rh6 Qd7) 49. Rh6 Qg7 (49... Bb2 $16 50. Rh5 Bf6) 50. Rh5 Kg8 51. Nf5 Qc7 52. Qd6 $2 (52. g4 $18 {und Weiss behält klar die Oberhand.}) 52... Qxd6 $16 53. cxd6 ({Nicht} 53. Nxd6 Bb2 $15) 53... Ra8 54. Ne7+ Bxe7 55. dxe7 Nf6 56. Rc5 Kf7 57. Rxc6 Kxe7 58. Kf3 Rb8 {Precision: Weiß = 48%, Schwarz = 34%.} ({Günstiger ist} 58... Nd7 $1 $14 59. Ke4 Rf8) 1/2-1/2

[Event "POL-chT Ekstraliga 2018"]
[Site "Gorzow"]
[Date "2018.06.08"]
[Round "1"]
[White "Druska, Juraj"]
[Black "Skawinski, Arkadiusz"]
[Result "1/2-1/2"]
[WhiteElo "2439"]
[BlackElo "2425"]
[Annotator "TA"]
[PlyCount "106"]
[EventDate "2018.06.08"]
[EventType "team-tourn"]
[EventCountry "POL"]
[SourceTitle "playchess.com"]
[Source "ChessBase"]
[SourceQuality "1"]

{[%evp 16,106,19,0,11,0,0,-6,-10,-13,-4,-4,0,0,0,-6,0,0,0,-6,14,-9,0,-29,-36,-31,-9,-47,-60,-56,-79,-68,-25,-25,-27,-25,-25,-25,0,0,14,14,33,22,28,10,37,0,0,0,0,0,0,0,0,0,0,0,0,0,8,0,8,0,0,0,8,8,8,8,8,8,8,0,0,0,0,0,0,0,0,0,0,0,8,8,8,8,13,13,13,13,33]} 1. e4 e5 2. Nf3 Nc6 3. Bb5 a6 4. Ba4 Nf6 {[%cal Bg8f6,Bf6d7,Bd7c5][%mdl 32]} 5. O-O Be7 6. Bxc6 dxc6 7. d3 Nd7 8. Nc3 {C85: Closed Ruy Lopez: Deferred Exchange Variation} O-O 9. Kh1 {LiveBook: 4 Games} f6 $146 ({Predecessor:} 9... Re8 10. b3 Nf8 11. Ne2 Bd6 12. Bg5 f6 13. Be3 c5 14. Nh4 Ne6 15. Nf5 Nd4 16. Nxd6 cxd6 {1-0 (87) McShane,L (2640)-Howell,D (2676) London 2017}) 10. Ng1 Nc5 11. Be3 Ne6 12. Nge2 Rf7 13. Qd2 c5 14. b3 b5 15. f4 exf4 16. Nxf4 Nxf4 17. Bxf4 f5 18. a4 Bb7 19. axb5 axb5 20. Rxa8 Bxa8 21. Re1 b4 22. Nd5 $1 Bxd5 23. exd5 g5 24. Be5 Qxd5 25. Bxc7 Bf6 26. Re8+ Kg7 27. Be5 {[%cal Rd2g5] [#]} f4 28. Qe2 h6 29. h4 Kg6 30. Bxf6 Rxf6 31. hxg5 (31. h5+ {feels hotter.} Kg7 32. Re7+ Kg8 33. Kg1 f3 34. Re8+) 31... hxg5 {The position is equal.} 32. Qf3 Qxf3 33. gxf3 $11 {[%mdl 4096] Endgame KR-KR} Rf5 34. Kg2 Kf7 35. Re4 Kg6 36. Kh3 Kh5 37. Re8 Rd5 38. Rh8+ Kg6 39. Kg4 Kf6 40. Re8 Kf7 41. Rc8 Re5 42. Rc6 Ke7 43. d4 cxd4 44. Rc4 Kf6 45. Rxb4 Re2 {[#] White must now prevent ...Rg2+.} 46. Rb6+ ({But not} 46. Rxd4 Rg2+ 47. Kh3 Rg3+ 48. Kh2 Rxf3 $17) 46... Ke5 47. Rb5+ Kf6 48. Rf5+ Ke6 {( -> ...Rg2+)} 49. Rxg5 {Strongly threatening Rc5.} Rxc2 50. Kxf4 d3 {aiming for ...d2.} 51. Rg6+ Ke7 {...d2 is the strong threat.} 52. Ke3 d2 53. Ke2 Rc3 {Precision: White = 64%, Black = 67%.} 1/2-1/2

[Event "POL-chT Ekstraliga 2018"]
[Site "Gorzow"]
[Date "2018.06.08"]
[Round "1"]
[White "Zawadzka, Jolanta"]
[Black "Warakomska, Anna"]
[Result "1-0"]
[WhiteElo "2434"]
[BlackElo "2349"]
[Annotator "TA"]
[PlyCount "47"]
[EventDate "2018.06.08"]
[EventType "team-tourn"]
[EventCountry "POL"]
[SourceTitle "playchess.com"]
[Source "ChessBase"]
[SourceQuality "1"]

{[%evp 21,47,29,25,24,33,18,74,74,61,47,59,56,60,71,144,151,297,287,452,454,645,590,770,733,881,881,1462,1024]} 1. e4 c5 2. Nf3 {[%cal Bg1f3,Bf3d4,Bd4b5][%mdl 32]} e6 3. d4 cxd4 4. Nxd4 Nc6 5. Nc3 Qc7 6. Be3 Nf6 7. f4 {B48: Sicilian: Taimanov: 5 Nc3 Qc7 6 Be3 a6 without Be2} Bb4 8. Ndb5 Qa5 9. e5 Nd5 10. Bd2 Nxc3 11. Nxc3 (11. Bxc3 O-O 12. Qd2 a6 13. Bxb4 Qxb4 14. Qxb4 Nxb4 15. Nd4 {½-½ (15) Motylev,A (2656)-Svidler,P (2751) Tallinn 2016}) 11... d5 {LiveBook: 20 Games} 12. exd6 Bxd6 13. a3 Qd8 $146 (13... O-O $11) ({Predecessor:} 13... Qb6 14. Qg4 O-O {1-0 (52) Christiansen,J (2468)-Tryggestad,A (2264) Norway 2017}) 14. Bd3 O-O 15. Be3 e5 16. f5 $1 Nd4 17. O-O Be7 ({Black should play} 17... f6) 18. Qh5 $16 {[#] Black must now prevent f6.} ({And not} 18. f6 Bxf6 19. Qe1 (19. Qh5 g6 $17) 19... Be6 $15) 18... Bf6 (18... Nxf5 $16 19. Rxf5 (19. Bxf5 g6 $16) 19... g6) 19. Ne4 $18 Bd7 (19... g6 {might work better.} 20. Nxf6+ Qxf6 21. fxg6 hxg6) 20. c3 {White is clearly winning.} ({Less strong is} 20. Nxf6+ Qxf6 21. Rad1 (21. Bg5 Qb6 $14) 21... Bb5 $16) 20... Nb3 (20... Bc6 $142 21. Nxf6+ Qxf6 22. cxd4 h6) 21. Rad1 Qe7 22. Bc2 Ba4 23. Rd6 g6 24. Qd1 {Precision: White = 97%, Black = 10%.} 1-0